000 01271cam a22002771i 4500
003 SA-RiAUC
005 20260307135103.0
008 260220s1905____su g 000 0 ara c
040 _aSA-MaUQU
_bara
_cSA-RiAUC
_erda
082 0 4 _a414
_qSA-RiAUC
090 _aم ن 414
_bج ع ف
100 1 _aجعفر لبني، جعفر بن أبي بكر بن جعفر،
_d1282-1342 هجري
_eمؤلف.
245 1 0 _aهذا شرح لطيف على الأرجوزة المائة بيت في المعاني والبيان والبديع /
_cلجعفر بن أبي بكر اللبني.
250 _aالطبعة الأولى.
264 1 _a[مكان النشر غير محدد] :
_b[الناشر غير محدد]،
_c1905
264 3 _aمكة المكرمة :
_bالمطبعة المنيرية
300 _a72 صفحة ؛
_c29 سم
336 _aنص
_btxt
_2rdacontent
_3كتاب
337 _aبدون وسيط
_bn
_2rdamedia
338 _aمجلد
_bnc
_2rdacarrier
500 _aنسخة مصورة من أصل الكتاب.
650 7 _aالبلاغة العربية
_2aucsh
700 1 2 _iشرح لـ (عمل) :
_aابن الشحنة، أحمد بن محمد بن محمد،
_d844-882 هجري
942 _2ddc
_cRBOOK COPY
_n0
949 _aSA-JeALM
_d260220
_umohamedma123
_n1
999 _c14529
_d14529